000 00440nam a2200181Ia 4500
001 7391
005 20260306160452.0
008 260306t2011||||xx |||||||||||||| ||spa||
041 _aESP
082 _a338.9
_bM42
100 _aMendoza, Waldo
_eAUT
245 0 _aLas barreras al crecimiento económico en Cajamarca
260 _c2011
300 _a123 páginas :
_c21 cm.
650 _aGEN
654 _aCAN
942 _cLIB
_dJUS
_fJUS
_2ddc
_n
999 _c7391
_d7391